| 000 | 02517cam a22003494a 4500 | ||
|---|---|---|---|
| 001 | 8944 | ||
| 003 | FISKH | ||
| 005 | 20251216101846.0 | ||
| 008 | 000807s2000 flua 000 0 eng | ||
| 010 | _a 00063453 | ||
| 020 |
_a1558748822 _qtrade paper |
||
| 020 |
_a9781558748828 _q(trade paper) |
||
| 040 |
_aDLC _cDLC _dDLC _beng |
||
| 050 | 0 | 0 |
_aHQ755.7 _b.T56 2000 |
| 082 | 0 | 0 |
_a649/.1/071 _221 |
| 100 | 1 |
_aTillman, Diane, _d1949- |
|
| 245 | 1 | 0 |
_aLiving Values parent groups : _ba facilitator guide / _cDiane Tillman. |
| 260 |
_aDeerfield Beach : _bHealth Communications, _c2000. |
||
| 300 |
_a85 pages : _bcolor illustrations ; _c23 cm |
||
| 336 |
_atext _btxt _2rdacontent |
||
| 337 |
_aunmediated _bn _2rdamedia |
||
| 338 |
_avolume _bnc _2rdacarrier |
||
| 520 | _aAs pervasive violence shatters our nation, the call for values echoes through headlines and school hallways as educators, parents and children become increasingly concerned and affected. The Living Values series offers a variety of experiential activities for teachers and parents to help them teach children and young adults to develop twelve critical social values: cooperation, freedom, happiness, honesty, humility, love, peace, respect, responsibility, simplicity, tolerance and unity. In each book, these twelve values are explored using age-appropriate lessons that incorporate group discussions, reading, quiet reflection time, songs, artwork and action-oriented activities. These lessons are already in use in more than 1,000 locations in sixty-two countries. Pilot results indicate that students are enthusiastic and teachers report a decrease in aggressive behavior and more motivated students. The Living Values Educational Program was born when twenty educators from around the world gathered at UNICEF Headquarters in New York in 1996 to discuss the needs of children and how to better prepare students for lifelong success. These global educators identified the curriculum and the program was ready for piloting in February of 1997. | ||
| 650 | 0 |
_aParenting _xStudy and teaching. |
|
| 650 | 0 |
_aValues _xStudy and teaching. |
|
| 856 | 4 | 2 |
_3Publisher description _uhttp://www.loc.gov/catdir/enhancements/fy0727/00063453-d.html |
| 856 | 4 | 1 |
_3Sample text _uhttp://www.loc.gov/catdir/enhancements/fy0727/00063453-s.html |
| 856 | 4 | 2 |
_3Contributor biographical information _uhttp://www.loc.gov/catdir/enhancements/fy0735/00063453-b.html |
| 906 |
_a7 _bcbc _corignew _d1 _eocip _f20 _gy-gencatlg |
||
| 942 |
_2ddc _cBK _n0 |
||
| 999 |
_c8944 _d8944 |
||